Score 0/15 Timer 14:00
0 Plays Today
Hint Answer % Correct
true or false, rice does not usually have any bacteria?false
96.9%
if I a was allergic to gluten could I have soy sauce?no
69.2%
on which shelf of the fridge should raw meat or fish be stored?bottom
60%
can you get food poisoning from salad?yes
53.8%
which bacteria is likely to be found on produce grown using manure?e coli
38.5%
what ingrediant cannot be served to a coeliac?wheat
29.2%
how long must a chef remain off work after suffering food poisoning?48 hours
13.8%
which virus can cause vomiting in as little as 20 minutes from the time of comsumption?norovirus
9.2%
Hint Answer % Correct
what is the highest safe temprature for a fridge?(in celcius)8
9.2%
how long does a cieh level 2 certificate remain valid for?3 years
7.7%
what is the bacteria found on rice?bacillus cereus
6.2%
chicken should be cooked to what temprature? in celcius82
4.6%
which three letter term is a person who inspects professional kitchens and award food safety ratings?eho
4.6%
which bacteria is found in the mouth,eyes, ears and blood of many humans?staphylococcus aureus
3.1%
and for how long should it be at this temprature to be safe?30 seconds
3.1%
Remove Ads.
Support Sporcle.
Get the best of Sporcle when you Go Orange. This ad-free experience offers more features, more stats, and more fun while also helping to support Sporcle. Thank you for becoming a member.

You're not logged in!

Compare scores with friends on all Sporcle quizzes.
OR
Log In

Show Comments

Extras

Created Aug 2, 2016ReportNominate
Tags:Food Quiz, much, Safety, test

Top Quizzes Today


Score Distribution

Your Account Isn't Verified!

In order to create a playlist on Sporcle, you need to verify the email address you used during registration. Go to your Sporcle Settings to finish the process.

Report this User

Report this user for behavior that violates our Community Guidelines.

Details: